Efektívnosť finančných trhov v kontexte informačnej asymetrie

Problematika racionality a racionálneho rozhodovania na finančných trhoch. Efektívnosť verzus neefektívnosť trhov. Asymetria informácií a dostupnosť informácií na finančných trhoch.

Na minha lista:
Detalhes bibliográficos
Autor principal: Markovič, Peter, 1974-
Outros Autores: Ponecová, Gabriela
Formato: Capítulo de Livro
Idioma:eslovaco
Assuntos:
Tags: Adicionar Tag
Sem tags, seja o primeiro a adicionar uma tag!

MARC

LEADER 00000nla a2200000 4500
001 0163054
005 20240502072827.8
041 0 |a slo 
044 |a SK 
245 1 0 |a Efektívnosť finančných trhov v kontexte informačnej asymetrie  |c Peter Markovič, Gabriela Ponecová 
520 |a Problematika racionality a racionálneho rozhodovania na finančných trhoch. Efektívnosť verzus neefektívnosť trhov. Asymetria informácií a dostupnosť informácií na finančných trhoch. 
610 2 0 |a trh finančný 
610 2 0 |a rozhodovanie finančné 
610 2 0 |a informácie 
610 2 0 |a efektívnosť 
100 1 |a Markovič, Peter, 1974- 
700 1 |a Ponecová, Gabriela